<?xml version="1.0" encoding="UTF-8"?>
<record
    xmlns:xsi="http://www.w3.org/2001/XMLSchema-instance"
    xsi:schemaLocation="http://www.loc.gov/MARC21/slim http://www.loc.gov/standards/marcxml/schema/MARC21slim.xsd"
    xmlns="http://www.loc.gov/MARC21/slim">

  <leader>01606nam a2200325 a 4500</leader>
  <controlfield tag="001">BRCA_4899</controlfield>
  <controlfield tag="005">20190320204841.0</controlfield>
  <controlfield tag="008">201010s1823----mx-#######---#000-0#spa-#</controlfield>
  <datafield tag="041" ind1=" " ind2=" ">
    <subfield code="a">spa</subfield>
  </datafield>
  <datafield tag="044" ind1=" " ind2=" ">
    <subfield code="a">mx</subfield>
  </datafield>
  <datafield tag="084" ind1=" " ind2=" ">
    <subfield code="a">DOC5</subfield>
    <subfield code="b">.B73</subfield>
    <subfield code="c">1823</subfield>
  </datafield>
  <datafield tag="100" ind1="1" ind2=" ">
    <subfield code="a">Bravo, Nicol&#xE1;s.</subfield>
    <subfield code="d">1786-1854</subfield>
    <subfield code="9">12408</subfield>
  </datafield>
  <datafield tag="245" ind1="1" ind2="0">
    <subfield code="a">Documento firmado por Don Nicol&#xE1;s Bravo</subfield>
    <subfield code="c">Nicol&#xE1;s Bravo ; Lucas Alam&#xE1;n.</subfield>
  </datafield>
  <datafield tag="260" ind1=" " ind2=" ">
    <subfield code="a">Quer&#xE9;taro, M&#xE9;xico</subfield>
    <subfield code="c">1823</subfield>
  </datafield>
  <datafield tag="300" ind1=" " ind2=" ">
    <subfield code="a">[2] fojas</subfield>
    <subfield code="c">31 x 21 cm.</subfield>
  </datafield>
  <datafield tag="500" ind1=" " ind2=" ">
    <subfield code="a">Documento firmado el 19 de julio de 1823.</subfield>
  </datafield>
  <datafield tag="500" ind1=" " ind2=" ">
    <subfield code="a">Documento de Don Nicol&#xE1;s Bravo firmado en Quer&#xE9;taro, dirigido a Don Lucas Alam&#xE1;n Ministro de Relaciones Exteriores, contest&#xE1;ndole su carta del 16 del mismo mes. En ella le da cuenta de la separaci&#xF3;n  de su fuerza al Brigadier Santa Anna para ser remitido a  M&#xE9;xico y de proceder despu&#xE9;s contra Ciriaco Bautista Losada, acusado de conspirador.</subfield>
  </datafield>
  <datafield tag="500" ind1=" " ind2=" ">
    <subfield code="a">Al margen inscripci&#xF3;n que dice: &#xB4;Reservado. Divisi&#xF3;n de Operaciones del Exto. Livertador&#xB4;.</subfield>
  </datafield>
  <datafield tag="500" ind1=" " ind2=" ">
    <subfield code="a">El documento contiene la leyenda DOC. #14.</subfield>
  </datafield>
  <datafield tag="500" ind1=" " ind2=" ">
    <subfield code="a">Papel con marca de agua.</subfield>
  </datafield>
  <datafield tag="506" ind1="0" ind2=" ">
    <subfield code="a">Fondo Reservado. Para su consulta es necesario credencial de usuario y carta de motivos.</subfield>
  </datafield>
  <datafield tag="546" ind1=" " ind2=" ">
    <subfield code="a">Texto en: espa&#xF1;ol de principios del siglo XIX.</subfield>
  </datafield>
  <datafield tag="600" ind1="1" ind2="4">
    <subfield code="a">Bravo, Nicol&#xE1;s</subfield>
    <subfield code="d">1786-1854</subfield>
    <subfield code="x">Historia</subfield>
    <subfield code="9">12409</subfield>
  </datafield>
  <datafield tag="651" ind1=" " ind2="4">
    <subfield code="a">M&#xE9;xico</subfield>
    <subfield code="x">Historia</subfield>
    <subfield code="y">Primeros gobiernos independientes, 1821-1824</subfield>
    <subfield code="9">12410</subfield>
  </datafield>
  <datafield tag="700" ind1="1" ind2=" ">
    <subfield code="a">Alam&#xE1;n, Lucas</subfield>
    <subfield code="d">1792-1853</subfield>
    <subfield code="9">12411</subfield>
  </datafield>
  <datafield tag="700" ind1="1" ind2=" ">
    <subfield code="a">Bautista Losada, Ciriaco</subfield>
    <subfield code="9">12412</subfield>
  </datafield>
  <datafield tag="700" ind1="1" ind2=" ">
    <subfield code="a">L&#xF3;pez de Santa Anna, Antonio</subfield>
    <subfield code="d">1794-1876</subfield>
    <subfield code="9">12413</subfield>
  </datafield>
  <datafield tag="902" ind1=" " ind2=" ">
    <subfield code="a">FDH</subfield>
  </datafield>
  <datafield tag="942" ind1=" " ind2=" ">
    <subfield code="2">lcc</subfield>
    <subfield code="c">D</subfield>
  </datafield>
  <datafield tag="999" ind1=" " ind2=" ">
    <subfield code="c">4593</subfield>
    <subfield code="d">4593</subfield>
  </datafield>
  <datafield tag="952" ind1=" " ind2=" ">
    <subfield code="0">0</subfield>
    <subfield code="1">0</subfield>
    <subfield code="4">0</subfield>
    <subfield code="7">0</subfield>
    <subfield code="a">BRCA</subfield>
    <subfield code="b">BRCA</subfield>
    <subfield code="d">2010-10-19</subfield>
    <subfield code="l">0</subfield>
    <subfield code="o">DOC5 .B73 1823</subfield>
    <subfield code="p">4938</subfield>
    <subfield code="r">2019-03-22 00:00:00</subfield>
    <subfield code="w">2019-03-22</subfield>
    <subfield code="y">D</subfield>
  </datafield>
</record>
